000
00223nam a2200085Ia 4500
008
120527s9999 xx 000 0 und d
100
_a
Perreant &McCarthy
245
_a
Basic Marketing: a global mangerial approach
942
_c
BK
999
_c
27221
_d
27221